000 00764nam a2200241 i 4500
001 17339
003 ES-MaACL
005 20230906151544.0
007 t|
008 010131s2000 sp ||||1| spa d
020 _a84-88006-68-3
080 _a75 Lasheras, Virginia (064.3)
100 1 _aLasheras, Virginia.
_970436
245 1 0 _aVirginia Lasheras
_b: 26 octubre-7 enero 2001, Conde Duque Centro Cultural.
260 _aMadrid :
_bConde Duque,
_c[2000]
300 _a240 p. ;
_c30 cm.
600 1 4 _aLasheras, Virginia-
_vExposiciones.
_970437
655 7 _2tgfbne
_9193628
_aCatálogos de exposiciones
710 2 _aCentro Cultural del Conde Duque.
_92579
852 _aES-MaACL
_jL-24259
_bR.129226
942 _2udc
999 _c17339
_d17339